| 000 | 01531nam a2200313 a 4500 | ||
|---|---|---|---|
| 003 | OSt | ||
| 005 | 20251022113139.0 | ||
| 007 | cr ||||||a|a|a | ||
| 008 | 251021s2025 mx a|||fom||| 001 0 spa d | ||
| 040 | _erda | ||
| 100 | 1 |
_aLópez Hernández, Víctor _9191348 |
|
| 245 | 1 | 0 |
_aCalidad y concentración mineral en fruto de Citrus latifolia Tanaka tras la aplicación foliar de Silicio y fosfitos / _cpor Víctor López Hernández; director de tesis Rogelio Castro Brindis; secretario Juan Ayala Arreola; vocal Liliana Torres Rueda; suplente Román Sánchez Carrillo; suplente Claudio Arturo Pérez Mercado. |
| 264 | 1 |
_aChapingo, México : _bEl autor, _c2025. |
|
| 300 |
_a1 recurso en línea (27 páginas): _bcuadros, figuras. |
||
| 336 |
_2rdacontent _atexto _btxt |
||
| 337 |
_2rdamedia _acomputadora _bc |
||
| 338 |
_2rdacarrier _arecurso en línea _bcr |
||
| 502 |
_bIAEF _cFitotecnia _d2025. _gLIC |
||
| 504 | _aIncluye referencias bibliográficas:23-27 páginas . | ||
| 650 | 4 |
_aLimón persa _xCrecimiento _xEstimulantes _9130314 |
|
| 650 | 4 |
_aLimón persa _xCalidad _9130839 |
|
| 700 | 1 |
_aCastro Brindis, Rogelio _920333 _edirector. |
|
| 700 | 1 |
_aAyala Arreola, Juan _98915 _esecretario. |
|
| 700 | 1 |
_aTorres Rueda, Liliana _9187287 _evocal. |
|
| 700 | 1 |
_aSánchez Carrillo, Román _9107405 _esuplente. |
|
| 700 | 1 |
_aPérez Mercado, Claudio Arturo _9189067 _esuplente. |
|
| 856 |
_uhttp://10.13.5.2/tesis/tl/1711409-6_LOPEZ_HERNANDEZ_VICTOR.pdf _zDESCARGAR PDF |
||
| 942 |
_2Clasificación Universidad Autónoma Chapingo _cTD |
||
| 999 |
_c233090 _d233090 |
||